Il Museo nazionale Pepoli in Trapani. (Record no. 2227)
[ view plain ]
| 000 -CABECERA | |
|---|---|
| campo de control de longitud fija | 00762cam a22002051 4500 |
| 001 - NÚMERO DE CONTROL | |
| campo de control | 000002387 |
| 005 - FECHA Y HORA DE LA ÚLTIMA TRANSACCIÓN | |
| campo de control | 20200929150206.0 |
| 008 - DATOS DE LONGITUD FIJA--INFORMACIÓN GENERAL | |
| campo de control de longitud fija | 770426s1965 it a bc 000 0 ita |
| 040 ## - FUENTE DE LA CATALOGACIÓN | |
| Centro catalogador/agencia de origen | DO-SdBNP |
| Lengua de catalogación | spa |
| Centro/agencia transcriptor | BNPHU |
| 100 1# - ENTRADA PRINCIPAL--NOMBRE DE PERSONA | |
| Nombre de persona | Scuderi, Vincenzo, |
| Fechas asociadas al nombre | 1923- |
| 9 (RLIN) | 7582 |
| 245 13 - MENCIÓN DE TÍTULO | |
| Título | Il Museo nazionale Pepoli in Trapani. |
| 250 ## - MENCIÓN DE EDICIÓN | |
| Mención de edición | 2a ed. |
| 260 ## - PUBLICACIÓN, DISTRIBUCIÓN, ETC. | |
| Lugar de publicación, distribución, etc. | [Roma] : |
| Nombre del editor, distribuidor, etc. | Istituto poligrafico dello Stato, Liberia dello Stato, |
| Fecha de publicación, distribución, etc. | [1965]. |
| 300 ## - DESCRIPCIÓN FÍSICA | |
| Extensión | 104 p. : |
| Otras características físicas | il. ; |
| Dimensiones | 19 cm. |
| 490 1# - MENCIÓN DE SERIE | |
| Mención de serie | Itinerari dei musei, gallerie e monumenti d'Italia |
| Designación de volumen o secuencia | 46 |
| 504 ## - NOTA DE BIBLIOGRAFÍA, ETC. | |
| Nota de bibliografía, etc. | "Bibliografía essenziale inerente alle opere": p. 27-28. |
| 610 24 - PUNTO DE ACCESO ADICIONAL DE MATERIA--NOMBRE DE ENTIDAD CORPORATIVA | |
| Nombre de entidad corporativa o nombre de jurisdicción como elemento de entrada | Museo nazionale Pepoli. |
| 9 (RLIN) | 7583 |
| 830 #0 - PUNTO DE ACCESO ADICIONAL DE SERIE-TÍTULO UNIFORME | |
| Título uniforme | Itinerari dei musei, gallerie e monumenti d'Italia |
| Designación de volumen o secuencia | 46 |
| 9 (RLIN) | 7584 |
| 910 ## - DATOS DE OPCIÓN DEL USUARIO (OCLC) | |
| Datos de opción del usuario | Catalogación por copia / LC |
| Estado de retiro | Estado de pérdida | Restricciones de uso | No para préstamo | Código de colección | Localización permanente | Ubicación/localización actual | Ubicación en estantería | Fecha de adquisición | Número de inventario | Total de préstamos | Signatura topográfica completa | Código de barras | Fecha visto por última vez | Precio válido a partir de | Tipo de ítem Koha |
|---|---|---|---|---|---|---|---|---|---|---|---|---|---|---|---|
| Préstamo interno | Monografías: Libros y Folletos | General | General | En catalogación | 22.09.2009 | LF1 | 2387-10 | 25.06.2020 | 25.06.2020 | Préstamo interno |
